[Event "Guernsey Open 47th"]
[Site "Guernsey"]
[Date "2023.10.15"]
[Round "1"]
[White "Grieve, Harry"]
[Black "Strade, Arita"]
[Result "1-0"]
[WhiteElo "2458"]
[BlackElo "1926"]
[PlyCount "81"]
[EventDate "2023.10.15"]
[EventType "swiss"]
[EventRounds "7"]
[EventCountry "GCI"]
[SourceVersionDate "2023.10.28"]

1. e4 c5 2. Nf3 d6 3. d4 cxd4 4. Nxd4 Nf6 5. Nc3 Nc6 6. Bg5 e5 7. Bxf6 gxf6 8.
Nf5 Bxf5 9. exf5 Qa5 10. Bc4 Nd4 11. O-O Rc8 12. Bd5 Rc5 13. Ne4 Rc7 14. c3 Be7
15. Bxf7+ Kxf7 16. cxd4 d5 17. Qh5+ Kg7 18. Ng3 e4 19. Qh4 Qb6 20. Nh5+ Kf7 21.
Nf4 Rc6 22. Qh5+ Kg7 23. Nxd5 Qd8 24. Nf4 Qxd4 25. Ne6+ Rxe6 26. fxe6 Rf8 27.
Rfd1 Qc4 28. Qg4+ Kh8 29. Rd7 f5 30. Qh3 Qxe6 31. Rxb7 Rf6 32. Rc1 h6 33. Qh5
Bd6 34. Qh3 Rf8 35. Qc3+ Be5 36. Qc6 Bd6 37. Rd7 Rf6 38. Qb7 Qg8 39. Rc8 Bf8
40. Qb8 f4 41. Qe5 1-0

[Event "Guernsey Open 47th"]
[Site "Guernsey"]
[Date "2023.10.15"]
[Round "1"]
[White "Campbell, Ian"]
[Black "Gormally, Daniel W"]
[Result "0-1"]
[WhiteElo "1920"]
[BlackElo "2443"]
[PlyCount "64"]
[EventDate "2023.10.15"]
[EventType "swiss"]
[EventRounds "7"]
[EventCountry "GCI"]
[SourceVersionDate "2023.10.28"]

1. Nf3 Nf6 2. d4 g6 3. e3 Bg7 4. Be2 O-O 5. b3 c5 6. Bb2 b6 7. O-O Bb7 8. c4 d6
9. Nc3 Nbd7 10. Qc2 cxd4 11. exd4 d5 12. Rfe1 Rc8 13. Rad1 dxc4 14. bxc4 Qc7
15. Qb3 Rfe8 16. Nb5 Qb8 17. a4 a6 18. Na3 e6 19. Nc2 Nh5 20. g3 Nhf6 21. Ne3
Ne4 22. Nd2 Ng5 23. Bf1 Qa8 24. h4 Nf3+ 25. Nxf3 Bxf3 26. Bg2 Bxd1 27. Qxd1 Qb8
28. Qb3 e5 29. Rd1 exd4 30. Bxd4 Nc5 31. Qc2 Bxd4 32. Rxd4 Rxe3 0-1

[Event "Guernsey Open 47th"]
[Site "Guernsey"]
[Date "2023.10.15"]
[Round "1"]
[White "Arkell, Keith C"]
[Black "Hawkins, James NH"]
[Result "1-0"]
[WhiteElo "2355"]
[BlackElo "1907"]
[PlyCount "73"]
[EventDate "2023.10.15"]
[EventType "swiss"]
[EventRounds "7"]
[EventCountry "GCI"]
[SourceVersionDate "2023.10.28"]

1. d4 Nf6 2. Nf3 e6 3. c4 b6 4. g3 Bb4+ 5. Bd2 Qe7 6. Bg2 Bb7 7. O-O Bxd2 8.
Qxd2 O-O 9. Nc3 Ne4 10. Nxe4 Bxe4 11. Qe3 d5 12. cxd5 Bxd5 13. Ne5 Bxg2 14.
Kxg2 f6 15. Nd3 Qd6 16. Qe4 c6 17. Rac1 Rc8 18. Nf4 Re8 19. Rfd1 Qe7 20. Rc3 a6
21. Re3 Ra7 22. Qxe6+ Qxe6 23. Rxe6 Rxe6 24. Nxe6 Re7 25. d5 cxd5 26. Rxd5 Kf7
27. Nd4 Rd7 28. Rxd7+ Nxd7 29. f4 Nc5 30. Kf3 g6 31. g4 a5 32. b3 Ke7 33. h4
Kd6 34. e4 Nd7 35. Ke3 Nc5 36. g5 fxg5 37. hxg5 1-0

[Event "Guernsey Open 47th"]
[Site "Guernsey"]
[Date "2023.10.15"]
[Round "1"]
[White "De Kruif, Kees"]
[Black "Giulian, Philip M"]
[Result "0-1"]
[WhiteElo "1887"]
[BlackElo "2081"]
[PlyCount "134"]
[EventDate "2023.10.15"]
[EventType "swiss"]
[EventRounds "7"]
[EventCountry "GCI"]
[SourceVersionDate "2023.10.28"]

1. b4 e5 2. Bb2 Bxb4 3. Bxe5 Nf6 4. Nf3 O-O 5. e3 d5 6. Be2 c5 7. O-O Nc6 8.
Bb2 Re8 9. d3 h6 10. Nbd2 Bf5 11. Rb1 Rb8 12. Nb3 Nd7 13. a3 Ba5 14. Nxa5 Qxa5
15. Nh4 Bh7 16. Bg4 Qd8 17. Qf3 Nde5 18. Qg3 Nxg4 19. Qxg4 Qg5 20. Qh3 f5 21.
g3 Rbd8 22. Qg2 b6 23. c4 Ne7 24. Nf3 Qg6 25. Rbd1 Qd6 26. Rd2 Bg6 27. Ne5 dxc4
28. Nxc4 Qe6 29. Ne5 Bf7 30. Qb7 Nc8 31. f4 Re7 32. Qf3 Be8 33. Rff2 Nd6 34.
Rfe2 Bb5 35. Nc6 Bxc6 36. Qxc6 Rc8 37. Qa4 c4 38. dxc4 Nxc4 39. Rc2 Nxb2 40.
Rxb2 Rc3 41. e4 fxe4 42. Rbc2 Rxc2 43. Qxc2 h5 44. Qa2 Qxa2 45. Rxa2 Rc7 46.
Kf2 Rc3 47. a4 Kf7 48. Ke2 Kf6 49. Rd2 Ra3 50. Rd4 Ra2+ 51. Ke3 Rxh2 52. Kxe4
Rg2 53. Kf3 Ra2 54. Ke4 Ra3 55. Rd6+ Ke7 56. Rg6 Rxa4+ 57. Kd5 Kf7 58. Rc6 Ra3
59. Ke5 b5 60. Rc7+ Kg8 61. Rb7 a6 62. Rb6 Kh7 63. Kf5 Rxg3 64. Rxa6 b4 65. Rb6
b3 66. Ke4 h4 67. f5 h3 0-1

[Event "Guernsey Open 47th"]
[Site "Guernsey"]
[Date "2023.10.15"]
[Round "1"]
[White "Punnett, Alan K"]
[Black "Goris, Ton"]
[Result "1/2-1/2"]
[WhiteElo "2071"]
[BlackElo "1881"]
[PlyCount "68"]
[EventDate "2023.10.15"]
[EventType "swiss"]
[EventRounds "7"]
[EventCountry "GCI"]
[SourceVersionDate "2023.10.28"]

1. e4 e6 2. d4 d5 3. e5 c5 4. c3 Nc6 5. Be3 Nge7 6. Nf3 Nf5 7. Bd3 Nxe3 8. fxe3
Be7 9. O-O O-O 10. Nbd2 c4 11. Bc2 b5 12. a3 a5 13. Qe1 f5 14. exf6 Bxf6 15. e4
g6 16. Qg3 Ra7 17. e5 Bh8 18. Ng5 Ne7 19. Rxf8+ Qxf8 20. Rf1 Nf5 21. Qf4 h6 22.
Nh3 Rf7 23. g4 g5 24. Qf2 Nh4 25. Qxf7+ Qxf7 26. Rxf7 Kxf7 27. Kf2 Bg7 28. Nf1
Bf8 29. Ng3 Bd7 30. Ng1 b4 31. axb4 axb4 32. Nh5 b3 33. Bb1 Ke7 34. Nf6 Bg7
1/2-1/2

[Event "Guernsey Open 47th"]
[Site "Guernsey"]
[Date "2023.10.15"]
[Round "1"]
[White "Dijksterhuis, Rolf"]
[Black "Wager, John D"]
[Result "1/2-1/2"]
[WhiteElo "1872"]
[BlackElo "2047"]
[PlyCount "131"]
[EventDate "2023.10.15"]
[EventType "swiss"]
[EventRounds "7"]
[EventCountry "GCI"]
[SourceVersionDate "2023.10.28"]

1. e4 c6 2. d4 d5 3. Nc3 dxe4 4. Nxe4 Bf5 5. Ng3 Bg6 6. h4 h6 7. Nf3 Nd7 8. h5
Bh7 9. Bd3 Bxd3 10. Qxd3 Ngf6 11. Bd2 e6 12. O-O-O Bd6 13. Ne4 Nxe4 14. Qxe4
Nf6 15. Qe2 Qc7 16. Kb1 O-O-O 17. c4 Rhe8 18. Bc3 Kb8 19. Ne5 a6 20. f4 Rf8 21.
g4 Nd7 22. Rhf1 Ka8 23. Rf3 Rde8 24. Re3 Qc8 25. Re1 Bxe5 26. fxe5 c5 27. d5
exd5 28. cxd5 Nb6 29. Rd1 Re7 30. d6 Re6 31. Re4 Qc6 32. Qd3 Nd7 33. Rde1 Rfe8
34. Qf3 f6 35. Qf5 Qd5 36. Qg6 fxe5 37. Qxg7 Qxd6 38. Kc2 Qd5 39. b3 R8e7 40.
Qg8+ Ka7 41. g5 hxg5 42. Qxg5 Rf7 43. Qe3 Ref6 44. Re2 Rf3 45. Qd2 Qxd2+ 46.
Kxd2 Rh3 47. Bxe5 Rxh5 48. Bc3 Rd5+ 49. Kc2 Rf1 50. a4 Rdf5 51. Rd2 Nb6 52. Re5
Rxe5 53. Bxe5 Rf5 54. Bc7 Nd5 55. Bd6 Kb6 56. Kb2 Kc6 57. Bg3 b5 58. axb5+ axb5
59. Rh2 c4 60. Rc2 c3+ 61. Kb1 Rf1+ 62. Rc1 Rxc1+ 63. Kxc1 b4 64. Kc2 Ne7 65.
Kd3 Kd5 66. Be1 1/2-1/2

[Event "Guernsey Open 47th"]
[Site "Guernsey"]
[Date "2023.10.15"]
[Round "1"]
[White "Dilleigh, Stephen P"]
[Black "Giulian, Rosemary A"]
[Result "0-1"]
[WhiteElo "2031"]
[BlackElo "1866"]
[PlyCount "76"]
[EventDate "2023.10.15"]
[EventType "swiss"]
[EventRounds "7"]
[EventCountry "GCI"]
[SourceVersionDate "2023.10.28"]

1. Nf3 e6 2. c4 d5 3. d4 Bb4+ 4. Nc3 Nf6 5. cxd5 exd5 6. Bg5 c6 7. Rc1 h6 8.
Bh4 Bd6 9. Bxf6 Qxf6 10. Nxd5 Qd8 11. Nc3 O-O 12. e3 Bg4 13. Be2 Nd7 14. O-O
Rc8 15. Qd3 f5 16. Rfd1 Qf6 17. e4 fxe4 18. Nxe4 Qe7 19. Nxd6 Qxd6 20. Ng5 Bf5
21. Qb3+ Kh8 22. Nf7+ Rxf7 23. Qxf7 Rf8 24. Qb3 Nb6 25. Qg3 Qe6 26. Bd3 Qxa2
27. Bxf5 Rxf5 28. Qa3 Qf7 29. Qxa7 Nd5 30. Qb8+ Kh7 31. Rd2 Rg5 32. f4 Nxf4 33.
Rc3 Rf5 34. Rc1 Rg5 35. g3 Nh3+ 36. Kg2 Qd5+ 37. Kf1 Rf5+ 38. Ke2 Qe4+ 0-1

[Event "Guernsey Open 47th"]
[Site "Guernsey"]
[Date "2023.10.15"]
[Round "1"]
[White "Forbes, Garry"]
[Black "Curtis, John E"]
[Result "0-1"]
[WhiteElo "1834"]
[BlackElo "2021"]
[PlyCount "61"]
[EventDate "2023.10.15"]
[EventType "swiss"]
[EventRounds "7"]
[EventCountry "GCI"]
[SourceVersionDate "2023.10.28"]

1. g3 e5 2. Bg2 d6 3. d3 f5 4. c4 Nf6 5. Nc3 Be7 6. Nf3 O-O 7. O-O c6 8. b4 Qe8
9. a4 Qh5 10. b5 f4 11. gxf4 Ng4 12. h3 Nh6 13. Kh2 exf4 14. Bb2 Nd7 15. Ne4
Ne5 16. Bxe5 dxe5 17. Rh1 Bf5 18. Qb3 Bxe4 19. dxe4 Bc5 20. Rhf1 Nf7 21. Rad1
Rad8 22. a5 Rxd1 23. Qxd1 Rd8 24. Qc2 Qh6 25. Kh1 Qd6 26. Qb2 g5 27. a6 bxa6
28. bxa6 h5 29. Rb1 g4 30. hxg4 hxg4 31. Nh4 0-1

[Event "Guernsey Open 47th"]
[Site "Guernsey"]
[Date "2023.10.15"]
[Round "1"]
[White "Thurlow, Kevin J"]
[Black "Gravett, Alan D"]
[Result "1-0"]
[WhiteElo "2020"]
[BlackElo "1810"]
[PlyCount "39"]
[EventDate "2023.10.15"]
[EventType "swiss"]
[EventRounds "7"]
[EventCountry "GCI"]
[SourceVersionDate "2023.10.28"]

1. c4 Nf6 2. Nc3 g6 3. d4 Bg7 4. e4 d6 5. f3 c6 6. Be3 Nbd7 7. Qd2 e5 8. d5
cxd5 9. cxd5 a6 10. a4 Qa5 11. Bd3 Nc5 12. Bc2 b5 13. b4 Qxb4 14. Rb1 Qa5 15.
axb5 axb5 16. Rxb5 Qa1+ 17. Rb1 Qa5 18. Nb5 Qxd2+ 19. Kxd2 Nb7 20. Nc7+ 1-0

[Event "Guernsey Open 47th"]
[Site "Guernsey"]
[Date "2023.10.15"]
[Round "1"]
[White "Stockham, Oliver"]
[Black "Hamperl, Fred"]
[Result "0-1"]
[WhiteElo "1806"]
[BlackElo "1998"]
[PlyCount "82"]
[EventDate "2023.10.15"]
[EventType "swiss"]
[EventRounds "7"]
[EventCountry "GCI"]
[SourceVersionDate "2023.10.28"]

1. e4 c5 2. Nc3 Nc6 3. g3 g6 4. Bg2 Bg7 5. d3 d6 6. Be3 e6 7. Qd2 Nge7 8. Nh3
Nd4 9. O-O O-O 10. Nd1 b6 11. c3 Ndc6 12. f4 Qc7 13. Nhf2 f5 14. h3 Ba6 15. Re1
e5 16. g4 fxg4 17. hxg4 exf4 18. Bxf4 Rad8 19. Bh6 Bxh6 20. Qxh6 Ne5 21. Re3
N7c6 22. Qh3 Rf4 23. Bf3 Rdf8 24. Be2 Nd8 25. Qg3 Ne6 26. Nh3 R4f6 27. Ndf2 h6
28. Rf1 Qf7 29. Rd1 g5 30. d4 Bxe2 31. Rxe2 cxd4 32. cxd4 Nf3+ 33. Kh1 Nexd4
34. Re3 Qxa2 35. e5 dxe5 36. Ne4 R6f7 37. Nd6 Re7 38. Qg2 Qe6 39. Ne4 Nh4 40.
Qg1 Qc6 41. Rf1 Ref7 0-1

[Event "Guernsey Open 47th"]
[Site "Guernsey"]
[Date "2023.10.15"]
[Round "1"]
[White "Kraft, Karl Heinz"]
[Black "Kennedy, Craig"]
[Result "1-0"]
[WhiteElo "1993"]
[BlackElo "1797"]
[PlyCount "69"]
[EventDate "2023.10.15"]
[EventType "swiss"]
[EventRounds "7"]
[EventCountry "GCI"]
[SourceVersionDate "2023.10.28"]

1. d4 e6 2. Bf4 f5 3. Nd2 Nf6 4. e3 d6 5. Ngf3 g6 6. c3 Bg7 7. Qb3 O-O 8. h4
Qe8 9. O-O-O Ng4 10. Bg3 a5 11. Bc4 a4 12. Qc2 b5 13. Be2 e5 14. dxe5 dxe5 15.
Nh2 Nf6 16. Bf3 Ra6 17. Nhf1 Qe6 18. Kb1 e4 19. Be2 Nd5 20. Bxb5 Nxc3+ 21. Qxc3
Bxc3 22. Bc4 Rb6 23. Kc2 Bxd2 24. Bxe6+ Bxe6 25. Nxd2 Bxa2 26. Be5 Rc6+ 27. Bc3
Na6 28. Ra1 Nb4+ 29. Kd1 Nd3 30. Ke2 Bb3 31. f3 Nc5 32. Rhc1 Rd8 33. Bd4 Rd5
34. Rc3 Kf7 35. Rac1 1-0

[Event "Guernsey Open 47th"]
[Site "Guernsey"]
[Date "2023.10.15"]
[Round "1"]
[White "Morgan, Jamie"]
[Black "Rosen, Daniel B"]
[Result "1/2-1/2"]
[WhiteElo "1774"]
[BlackElo "1981"]
[PlyCount "48"]
[EventDate "2023.10.15"]
[EventType "swiss"]
[EventRounds "7"]
[EventCountry "GCI"]
[SourceVersionDate "2023.10.28"]

1. e4 d6 2. Nc3 g6 3. Bc4 c6 4. Nf3 Nf6 5. d3 Bg7 6. O-O O-O 7. Bb3 Bg4 8. h3
Bxf3 9. Qxf3 Nbd7 10. Be3 Qc7 11. Qe2 e5 12. Qd2 Nc5 13. Bh6 Qe7 14. Bxg7 Kxg7
15. Rae1 Nh5 16. Ne2 Ne6 17. Bxe6 fxe6 18. f4 exf4 19. Nxf4 Nxf4 20. Rxf4 e5
21. Rff1 Rf7 22. a3 Raf8 23. Rxf7+ Qxf7 24. Qe2 Qf4 1/2-1/2

[Event "Guernsey Open 47th"]
[Site "Guernsey"]
[Date "2023.10.15"]
[Round "1"]
[White "Collier, David O"]
[Black "Kirk, Matthew"]
[Result "1-0"]
[WhiteElo "1968"]
[BlackElo "1747"]
[PlyCount "63"]
[EventDate "2023.10.15"]
[EventType "swiss"]
[EventRounds "7"]
[EventCountry "GCI"]
[SourceVersionDate "2023.10.28"]

1. d4 d5 2. c4 c6 3. e3 Nf6 4. Nc3 e6 5. Nf3 Nbd7 6. Bd3 dxc4 7. Bxc4 b5 8. Bb3
Bb4 9. O-O O-O 10. Bd2 Qe7 11. a3 Bxc3 12. Bxc3 a5 13. Qe1 Qd8 14. Bc2 Bb7 15.
b4 Nd5 16. e4 Nxc3 17. Qxc3 axb4 18. axb4 Qe7 19. Rab1 Nb6 20. Qd3 Nc4 21. e5
g6 22. Rb3 Ra4 23. Qc3 Rfa8 24. Nd2 Ra2 25. Ne4 R8a3 26. Nf6+ Kg7 27. Qh3 h6
28. Rxa3 Rxa3 29. Qh4 Qxb4 30. Ng4 h5 31. Qf6+ Kf8 32. Bxg6 1-0

[Event "Guernsey Open 47th"]
[Site "Guernsey"]
[Date "2023.10.15"]
[Round "1"]
[White "Downey, Keith"]
[Black "Santos, Joao Artur Almeida"]
[Result "0-1"]
[WhiteElo "1742"]
[BlackElo "1964"]
[PlyCount "74"]
[EventDate "2023.10.15"]
[EventType "swiss"]
[EventRounds "7"]
[EventCountry "GCI"]
[SourceVersionDate "2023.10.28"]

1. Nf3 d5 2. d4 Nf6 3. c4 c6 4. Nc3 e6 5. e3 Nbd7 6. Bd3 dxc4 7. Bxc4 b5 8. Bd3
a6 9. O-O c5 10. b3 Bb7 11. Bb2 Be7 12. Rc1 O-O 13. Qe2 cxd4 14. Nxd4 Nc5 15.
Bb1 b4 16. Na4 Nxa4 17. bxa4 Qd5 18. f3 Rac8 19. Kh1 Qa5 20. Bc2 Nd5 21. Qd3 g6
22. Bb3 Bf6 23. Qe2 e5 24. Nc2 Nc3 25. Bxc3 Rxc3 26. Rfd1 Bc6 27. Rb1 Be7 28.
Rd2 Bxa4 29. Rd5 Rc5 30. Rxc5 Bxc5 31. Bxa4 Qxa4 32. Qc4 Qa5 33. Rd1 Rd8 34.
Re1 Rd2 35. h3 Qb6 36. e4 a5 37. Rb1 Qd6 0-1

[Event "Guernsey Open 47th"]
[Site "Guernsey"]
[Date "2023.10.15"]
[Round "1"]
[White "Browning, Isaac"]
[Black "Murray, J Stephen"]
[Result "1-0"]
[WhiteElo "1962"]
[BlackElo "1702"]
[PlyCount "67"]
[EventDate "2023.10.15"]
[EventType "swiss"]
[EventRounds "7"]
[EventCountry "GCI"]
[SourceVersionDate "2023.10.28"]

1. e4 c5 2. Nf3 d6 3. d4 cxd4 4. Nxd4 Nf6 5. Nc3 a6 6. f3 e5 7. Nb3 Be6 8. Be3
h5 9. Nd5 Nxd5 10. exd5 Bf5 11. Bd3 Bxd3 12. Qxd3 Nd7 13. O-O Be7 14. c4 Rc8
15. Rac1 O-O 16. f4 Bf6 17. Rc2 exf4 18. Bxf4 Ne5 19. Bxe5 Bxe5 20. Nd2 Qd7 21.
Nf3 b5 22. Nxe5 dxe5 23. c5 Rfd8 24. Rd1 Qg4 25. h3 Qf4 26. a3 g5 27. b4 g4 28.
Rf2 Qh6 29. Qf5 g3 30. Qxf7+ Kh8 31. Rf5 Rf8 32. Qxh5 Qxh5 33. Rxh5+ Kg7 34.
Rxe5 1-0

[Event "Guernsey Open 47th"]
[Site "Guernsey"]
[Date "2023.10.15"]
[Round "1"]
[White "Hertog, Alexander"]
[Black "Heppell, Ian N"]
[Result "1-0"]
[WhiteElo "1626"]
[BlackElo "1944"]
[PlyCount "57"]
[EventDate "2023.10.15"]
[EventType "swiss"]
[EventRounds "7"]
[EventCountry "GCI"]
[SourceVersionDate "2023.10.28"]

1. d4 d6 2. Nf3 f5 3. b3 Nf6 4. Bb2 g6 5. g3 Bg7 6. Bg2 O-O 7. O-O c6 8. c4 Qc7
9. Nbd2 Re8 10. Re1 e5 11. dxe5 dxe5 12. e4 Nbd7 13. b4 f4 14. Qb3 Nf8 15. Ng5
fxg3 16. c5+ Ne6 17. hxg3 h6 18. Ngf3 Ng4 19. Bh3 h5 20. Nc4 Kh7 21. Nd6 Re7
22. Kg2 Bd7 23. Bxg4 hxg4 24. Rh1+ Kg8 25. Nxe5 Be8 26. Nxg4 Bf7 27. Bxg7 Nf4+
28. gxf4 Bxb3 29. Bd4 1-0

[Event "Guernsey Open 47th"]
[Site "Guernsey"]
[Date "2023.10.16"]
[Round "2"]
[White "Hamperl, Fred"]
[Black "Grieve, Harry"]
[Result "0-1"]
[WhiteElo "1998"]
[BlackElo "2458"]
[PlyCount "90"]
[EventDate "2023.10.15"]
[EventType "swiss"]
[EventRounds "7"]
[EventCountry "GCI"]
[SourceVersionDate "2023.10.28"]

1. e4 c5 2. Be2 e6 3. d3 d5 4. f4 Nc6 5. Nf3 Be7 6. O-O Nh6 7. c3 O-O 8. Na3
Kh8 9. Kh1 f5 10. e5 d4 11. cxd4 cxd4 12. b3 g6 13. Bb2 Nf7 14. Nc2 Bc5 15. b4
Nxb4 16. Nxb4 Bxb4 17. Bxd4 b5 18. Qb3 Qe7 19. a3 Ba5 20. Rac1 Qd7 21. Bc5 Re8
22. Nd4 Bb7 23. Bf3 Bxf3 24. Nxf3 h6 25. Rfd1 g5 26. fxg5 hxg5 27. d4 g4 28.
Nh4 Bd8 29. Ng6+ Kg7 30. Nf4 Bg5 31. g3 Rad8 32. Kg1 Bxf4 33. gxf4 Kg6 34. Rc3
Rh8 35. d5 exd5 36. Rcd3 Qc6 37. Rxd5 Rh3 38. Qa2 g3 39. hxg3 Rxg3+ 40. Kf2 Rg4
41. Be3 Rh8 42. Rd6+ Nxd6 43. Qe6+ Kh5 44. exd6 Rg2+ 45. Ke1 Kg4 0-1

[Event "Guernsey Open 47th"]
[Site "Guernsey"]
[Date "2023.10.16"]
[Round "2"]
[White "Gormally, Daniel W"]
[Black "Kraft, Karl Heinz"]
[Result "1-0"]
[WhiteElo "2443"]
[BlackElo "1993"]
[PlyCount "119"]
[EventDate "2023.10.15"]
[EventType "swiss"]
[EventRounds "7"]
[EventCountry "GCI"]
[SourceVersionDate "2023.10.28"]

1. d4 f5 2. Bg5 g6 3. Nd2 Bg7 4. e4 fxe4 5. Nxe4 d5 6. Ng3 Nh6 7. c3 Nf7 8. Be3
e5 9. dxe5 Nxe5 10. Nf3 Nbc6 11. Nxe5 Nxe5 12. Be2 Be6 13. O-O O-O 14. Qc1 Qe7
15. Bg5 Qc5 16. Be3 Qe7 17. Bh6 Bxh6 18. Qxh6 Nf7 19. Qe3 Qd6 20. Rad1 Qb6 21.
Qc1 Rae8 22. h4 Nd6 23. Bd3 Bg4 24. Rde1 Rxe1 25. Qxe1 Bf5 26. Qd2 c6 27. h5
Bxd3 28. Qxd3 Nf5 29. hxg6 hxg6 30. Nxf5 Rxf5 31. g4 Rf6 32. Kg2 Qc7 33. f4 Qe7
34. Rf3 Re6 35. c4 dxc4 36. Qxc4 Kg7 37. g5 Re2+ 38. Kg3 Qe4 39. Qxe4 Rxe4 40.
Rd3 Kf7 41. Kf3 Re7 42. Rd6 Re6 43. Rd7+ Re7 44. Rd6 Re6 45. Rd8 Re7 46. b4 Ke6
47. Rf8 Kd6 48. Rg8 Re6 49. Rg7 b6 50. Rxa7 c5 51. bxc5+ Kxc5 52. Rf7 Rd6 53.
Rf6 Rd2 54. Rxg6 Rxa2 55. Rg8 b5 56. Ke4 b4 57. g6 b3 58. g7 b2 59. Rb8 Ra4+
60. Ke5 1-0

[Event "Guernsey Open 47th"]
[Site "Guernsey"]
[Date "2023.10.16"]
[Round "2"]
[White "Santos, Joao Artur Almeida"]
[Black "Arkell, Keith C"]
[Result "0-1"]
[WhiteElo "1964"]
[BlackElo "2355"]
[PlyCount "136"]
[EventDate "2023.10.15"]
[EventType "swiss"]
[EventRounds "7"]
[EventCountry "GCI"]
[SourceVersionDate "2023.10.28"]

1. e4 c6 2. d4 d5 3. Nc3 g6 4. h3 Bg7 5. Nf3 dxe4 6. Nxe4 Nd7 7. Bc4 Ngf6 8.
Nxf6+ Nxf6 9. O-O O-O 10. Re1 e6 11. c3 b6 12. a4 Bb7 13. a5 c5 14. dxc5 bxc5
15. a6 Bd5 16. Bb5 Qb6 17. c4 Rad8 18. Qe2 Bc6 19. Ne5 Bxb5 20. cxb5 Nd5 21.
Nc6 Rd7 22. Bd2 Nc7 23. Ra5 Rc8 24. Be3 Nd5 25. b4 Nxe3 26. bxc5 Qxc5 27. Qxe3
Bd4 28. Nxd4 Rxd4 29. Raa1 Rc4 30. Qxc5 R4xc5 31. Rab1 Rb8 32. Red1 Rc7 33. Rd6
Kg7 34. b6 axb6 35. Rbxb6 Ra8 36. Rb7 Rxa6 37. Rxc7 Rxd6 38. h4 Rd1+ 39. Kh2
Kf6 40. g3 e5 41. Rc6+ Ke7 42. Rc7+ Rd7 43. Rc6 Rd6 44. Rc7+ Ke6 45. Kg2 e4 46.
g4 Rd7 47. Rc5 f5 48. h5 f4 49. hxg6 hxg6 50. Ra5 Rd2 51. Kf1 f3 52. Ke1 Re2+
53. Kf1 Rd2 54. Ke1 Rd3 55. Ra6+ Rd6 56. Ra5 Kf6 57. Rb5 Rd3 58. Ra5 Rb3 59.
Kd2 Ke6 60. Rg5 e3+ 61. fxe3 Rb1 62. Rxg6+ Ke5 63. Rg5+ Ke4 64. Rf5 Rb2+ 65.
Ke1 Kxe3 66. Re5+ Kf4 67. Re8 Kg3 68. Re3 Kg2 0-1

[Event "Guernsey Open 47th"]
[Site "Guernsey"]
[Date "2023.10.16"]
[Round "2"]
[White "Giulian, Philip M"]
[Black "Collier, David O"]
[Result "1/2-1/2"]
[WhiteElo "2081"]
[BlackElo "1968"]
[PlyCount "53"]
[EventDate "2023.10.15"]
[EventType "swiss"]
[EventRounds "7"]
[EventCountry "GCI"]
[SourceVersionDate "2023.10.28"]

1. e4 c5 2. Nf3 d6 3. Bb5+ Nd7 4. O-O Ngf6 5. Re1 e6 6. c3 Be7 7. d4 O-O 8.
Nbd2 cxd4 9. cxd4 a6 10. Bd3 e5 11. d5 Ne8 12. Nf1 g6 13. Ng3 Ng7 14. Bh6 Nf6
15. Rc1 Ng4 16. Bxg7 Kxg7 17. Qc2 Nf6 18. Qc7 Nd7 19. Qxd8 Bxd8 20. Nd2 Nb6 21.
Nc4 Nxc4 22. Rxc4 Bd7 23. Rc2 Bb6 24. Nf1 Rac8 25. Rec1 Rxc2 26. Rxc2 Rc8 27.
Rxc8 1/2-1/2

[Event "Guernsey Open 47th"]
[Site "Guernsey"]
[Date "2023.10.16"]
[Round "2"]
[White "Curtis, John E"]
[Black "Browning, Isaac"]
[Result "1/2-1/2"]
[WhiteElo "2021"]
[BlackElo "1962"]
[PlyCount "75"]
[EventDate "2023.10.15"]
[EventType "swiss"]
[EventRounds "7"]
[EventCountry "GCI"]
[SourceVersionDate "2023.10.28"]

1. d4 Nf6 2. Nf3 g6 3. Bg5 Bg7 4. Nbd2 c5 5. Bxf6 Bxf6 6. Ne4 Bxd4 7. Nxd4 cxd4
8. Qxd4 O-O 9. c4 Nc6 10. Qd2 d6 11. Nc3 Qa5 12. e4 Be6 13. Nd5 Qxd2+ 14. Kxd2
Rac8 15. Be2 b5 16. Rac1 bxc4 17. Bxc4 Bxd5 18. exd5 Ne5 19. Ba6 Rb8 20. b3 Rb6
21. Be2 Rfb8 22. Rc7 R8b7 23. Rhc1 Kg7 24. Rxb7 Rxb7 25. Ba6 Rb6 26. Bc8 Rb4
27. Rc7 a5 28. Kc3 g5 29. a4 Rb8 30. Bf5 Ra8 31. h3 h5 32. Bd3 Kf6 33. Bb5 e6
34. Kd4 h4 35. Ke4 Kg6 36. Kd4 Kf5 37. Bc6 Ra6 38. Bb5 1/2-1/2

[Event "Guernsey Open 47th"]
[Site "Guernsey"]
[Date "2023.10.16"]
[Round "2"]
[White "Heppell, Ian N"]
[Black "Thurlow, Kevin J"]
[Result "0-1"]
[WhiteElo "1944"]
[BlackElo "2020"]
[PlyCount "36"]
[EventDate "2023.10.15"]
[EventType "swiss"]
[EventRounds "7"]
[EventCountry "GCI"]
[SourceVersionDate "2023.10.28"]

1. e4 c5 2. Nf3 e6 3. c3 Nc6 4. d4 cxd4 5. cxd4 d5 6. exd5 Qxd5 7. Nc3 Bb4 8.
Bd3 Bd7 9. O-O Qh5 10. a3 Be7 11. Be3 Nf6 12. Qe2 O-O 13. Rad1 Rac8 14. Bb1 Bd6
15. Ne4 Bxh2+ 16. Kh1 Ng4 17. Nc5 Bd6+ 18. Kg1 Nh2 0-1

[Event "Guernsey Open 47th"]
[Site "Guernsey"]
[Date "2023.10.16"]
[Round "2"]
[White "Giulian, Rosemary A"]
[Black "Punnett, Alan K"]
[Result "1/2-1/2"]
[WhiteElo "1866"]
[BlackElo "2071"]
[PlyCount "59"]
[EventDate "2023.10.15"]
[EventType "swiss"]
[EventRounds "7"]
[EventCountry "GCI"]
[SourceVersionDate "2023.10.28"]

1. e4 e6 2. d4 d5 3. Nd2 Be7 4. c3 dxe4 5. Nxe4 Nf6 6. Nxf6+ Bxf6 7. Bd3 O-O 8.
Nf3 c5 9. dxc5 Qd5 10. Qe2 Qxc5 11. O-O Nc6 12. Be3 Qh5 13. Ng5 Qxe2 14. Bxe2
e5 15. Ne4 Be7 16. Rad1 Be6 17. b3 b6 18. Ng5 Bf5 19. g4 Bg6 20. Rd7 h6 21. Nf3
Bf6 22. Rfd1 e4 23. Nd4 Ne5 24. Rd5 Rad8 25. Nb5 Rxd5 26. Rxd5 Rc8 27. c4 a6
28. Na7 Rb8 29. Bf4 Rb7 30. Bxe5 1/2-1/2

[Event "Guernsey Open 47th"]
[Site "Guernsey"]
[Date "2023.10.16"]
[Round "2"]
[White "Wager, John D"]
[Black "Ingham, H William"]
[Result "1/2-1/2"]
[WhiteElo "2047"]
[BlackElo "1787"]
[PlyCount "54"]
[EventDate "2023.10.15"]
[EventType "swiss"]
[EventRounds "7"]
[EventCountry "GCI"]
[SourceVersionDate "2023.10.28"]

1. d4 d6 2. Nf3 c6 3. c4 Nf6 4. Nc3 Nbd7 5. g3 e5 6. Bg2 Be7 7. O-O O-O 8. e4
Re8 9. h3 Bf8 10. Be3 a6 11. a4 a5 12. Qc2 exd4 13. Nxd4 Nc5 14. Rfe1 Bd7 15.
f4 Qc7 16. Bf2 Rad8 17. Re2 Bc8 18. Rae1 Nfd7 19. Nf3 Na6 20. g4 d5 21. exd5
Rxe2 22. Qxe2 Qxf4 23. dxc6 bxc6 24. Ne4 Nac5 25. Bg3 Qxe4 26. Qxe4 Nxe4 27.
Rxe4 Nc5 1/2-1/2

[Event "Guernsey Open 47th"]
[Site "Guernsey"]
[Date "2023.10.16"]
[Round "2"]
[White "Rosen, Daniel B"]
[Black "Dijksterhuis, Rolf"]
[Result "1/2-1/2"]
[WhiteElo "1981"]
[BlackElo "1872"]
[PlyCount "56"]
[EventDate "2023.10.15"]
[EventType "swiss"]
[EventRounds "7"]
[EventCountry "GCI"]
[SourceVersionDate "2023.10.28"]

1. e4 c5 2. Nc3 Nc6 3. g3 Nf6 4. Bg2 e6 5. d3 d5 6. Nge2 d4 7. Nb1 e5 8. O-O
Bd6 9. Nd2 Bg4 10. Nc4 Bc7 11. f4 b5 12. Nxe5 Nxe5 13. fxe5 Bxe5 14. Bf4 Nd7
15. Bf3 Bxf3 16. Rxf3 O-O 17. Kg2 Qe7 18. h3 a5 19. a4 b4 20. b3 f6 21. Qg1 Qd6
22. Bd2 Qc6 23. Nf4 Bxf4 24. Rxf4 f5 25. Kh2 fxe4 26. Rxe4 Nf6 27. Re2 Rae8 28.
Rae1 Rxe2+ 1/2-1/2